书目信息 |
| 题名: |
管理学常用方法
|
|
| 作者: | 赵涛 主编 | |
| 分册: | ||
| 出版信息: | 天津 天津大学出版社 2006.07 |
|
| 页数: | 375页 | |
| 开本: | 24cm | |
| 丛书名: | 精品课程建设——管理学系列丛书 | |
| 单 册: | ||
| 中图分类: | C931.2 | |
| 科图分类: | ||
| 主题词: | 管理学--guan li xue--方法--高等学校--教材 | |
| 电子资源: | ||
| ISBN: | 7-5618-2296-0 | |
| 000 | 00969nam 2200265 450 | |
| 001 | 012006640671 | |
| 005 | 20061129161615.89 | |
| 010 | @a7-5618-2296-0@dCNY38.00 | |
| 100 | @a20061113d2006 km y0chiy0120 ea | |
| 101 | 0 | @achi |
| 102 | @aCN@b120000 | |
| 105 | @ay a 000yy | |
| 200 | 1 | @a管理学常用方法@Aguan li xue chang yong fang fa@d= Common methods of management@f赵涛主编@Fzhao tao zhu bian@zeng |
| 210 | @a天津@c天津大学出版社@d2006.07 | |
| 215 | @a375页@d24cm | |
| 225 | 2 | @a精品课程建设——管理学系列丛书@Ajing pin ke cheng jian she——guan li xue xi lie cong shu |
| 320 | @a有书目。 | |
| 330 | @a本书内容包括:决策方法、计划方法、战略分析方法、预测方法、控制方法和评价方法。 | |
| 410 | 0 | @12001 @a精品课程建设——管理学系列丛书 |
| 510 | 1 | @aCommon methods of management@zeng |
| 606 | 0 | @a管理学@Aguan li xue@x方法@x高等学校@j教材 |
| 690 | @aC931.2@v4 | |
| 701 | 0 | @a赵涛@Azhao tao@4主编 |
| 801 | 0 | @aCN@c20061129 |
| 905 | @a10447@dC931.2@eZ326 | |
| 管理学常用方法= Common methods of management/赵涛主编.-天津:天津大学出版社,2006.07 |
| 375页;24cm.-(精品课程建设——管理学系列丛书) |
| ISBN 7-5618-2296-0:CNY38.00 |
| 本书内容包括:决策方法、计划方法、战略分析方法、预测方法、控制方法和评价方法。 |
| ● |
| 相关链接 |
|
|
|
正题名:管理学常用方法
索取号:C931.2/Z326
 
预约/预借
| 序号 | 登录号 | 条形码 | 馆藏地/架位号 | 状态 | 备注 |
| 1 | 227724 | 202277240 | 社科库509/509社科库 64排5列6层/ [索取号:C931.2/Z326] | 在馆 | |
| 2 | 227725 | 202277259 | 社科库509/509社科库 64排5列6层/ [索取号:C931.2/Z326] | 在馆 | |
| 3 | 227726 | 202277268 | 社科库509/509社科库 64排5列6层/ [索取号:C931.2/Z326] | 在馆 |